000 00310 a2200145 4500
001 49973
020 _a8574881554
040 _cAnchieta - Bela Vista
240 1 0 _aO pequeno polegar
_lpor
245 1 0 _aO pequeno polegar
300 _a16
440 1 _aGirassol
650 4 _aLiteratura infantil
942 _cBK
999 _c49973
_d49973